NFL: Active Player Stat Leaders - Statistics

General Stats
  • This quiz has been taken 70 times
  • The average score is 27 of 60
Answer Stats
First played in Player Career Yards Number of Teams % Correct
2005 Aaron Rodgers 66.274 3
97%
2017 Patrick Mahomes 35.939 1
92%
2009 Matthew Stafford 64.516 2
86%
2016 Derrick Henry 13.018 2
85%
2004 Philip Rivers 63.984 2
80%
2008 Joe Flacco 48.176 6
73%
2017 Myles Garrett 125,5 1
73%
2018 Saquon Barkley 8.356 2
73%
2013 Keenan Allen 12.051 2
71%
2018 Lamar Jackson 6.522 1
71%
2018 Donte Jackson 23 3
69%
2014 Davante Adams 12.633 4
64%
2016 Jared Goff 39.622 2
64%
2012 Russell Wilson 46.966 4
64%
2017 TJ Watt 115 1
64%
2020 Jonathan Taylor 7.598 1
59%
2017 Aaron Jones 7.626 2
58%
2016 Chris Jones 87,5 1
58%
2012 Kirk Cousins 44.700 3
58%
2014 Mike Evans 13.052 1
58%
2016 Dak Prescott 35.989 1
56%
2013 DeAndre Hopkins 13.295 5
56%
2012 Harrison Smith 859 1
56%
2012 Harrson Smith 39 1
56%
2017 Roquan Smith 692 2
56%
2012 Bobby Wagner 1.150 3
49%
2017 Christian McCaffrey 7.589 2
49%
2019 Josh Jacobs 7.803 2
49%
2018 Nick Chubb 7.349 2
49%
2013 Travis Kelce 13.002 1
49%
2016 Tyreek Hill 11.363 2
47%
2011 Andy Dalton 39.793 5
46%
2015 Stefon Diggs 11.504 4
46%
2015 Quandre Diggs 24 3
44%
2017 Alvin Kamara 7.250 1
41%
2011 Von Miller 138,5 4
41%
2008 Calais Campbell 117 5
39%
2008 Calais Campbell 674 5
39%
2017 Joe Mixon 7.428 2
36%
2014 Brandin Cooks 9.811 6
32%
2016 Jalen Ramsey 25 4
32%
2011 Cameron Heyward 92 1
25%
2011 Cameron Jordan 132 1
25%
2014 Khalil Mack 113 3
25%
2015 Tyler Lockett 8.885 3
25%
2012 Demario Davis 951 3
24%
2012 Lavonte David 1.172 1
20%
2015 Danielle Hunter 114,5 2
19%
2016 Kevin Byard 655 3
15%
2016 Kevin Byard 36 3
15%
2018 Budda Baker 678 1
14%
2013 Darius Slay 28 3
12%
2018 Jessie Bates 27 2
8%
2017 Marlon Humphrey 23 1
8%
2013 Zach Ertz 8.592 3
8%
2016 Xavien Howard 29 2
7%
2015 Eric Kendricks 732 4
5%
2010 Jason Pierre-Paul 94,5 5
5%
2013 Jordan Poyer 648 4
5%
2013 Jordan Poyer 25 4
5%
No matching quizzes found
Score Distribution
Percent of People with Each Score
Percentile by Number Answered
Your Score History
You have not taken this quiz